000
00308nam a22001457a 4500
003
SGT
020
_a
93-5497-138-5
082
_a
648
_b
RAG
100
_a
RAGHUBALAN, G.
245
_a
HOTEL HOUSEKEEPING
260
_a
INDIA
_b
OXFORD
_c
2023
300
_a
851
650
_a
HOUSEKEEPING
942
_2
ddc
_c
BK
_0
3
999
_c
25722
_d
25722